000 00876nam a22003017a 4500
003 CHAP
005 20220329135048.0
008 971013s1953 r 00010 d
010 _a30328
011 _a31300
035 _a35412
040 _cCHAP
082 _a621.3883
_bM35Y
100 0 0 _aMandl, Matthew.
_970350
245 _aServicio en televisión
250 _a3 ed.
260 _aMéxico, D.F. :
_bEd. Constancia,
_c1953
300 _a506 p.
_b: ilus
590 _aBATCH-UPD
_b10
_c20130109
_lUCH01
_h2349
590 _aBATCH-UPD
_b10
_c20130110
_lUCH01
_h1208
590 _aBATCH-UPD
_b10
_c20130410
_lUCH01
_h0748
590 _aBATCH-UPD
_b10
_c20130914
_lUCH01
_h1742
590 _aCONVERSION
_b10
_c20130109
_lUCH01
_h1317
650 1 4 _aTelevisión.
_9112087
901 _aBK
942 _cLIBRO
949 _a621.3883 M35Y
_bBC
_cLIBRO
_d-81857
_eLIBRO
_h18623
_i35412
_si
999 _c30328
_d30328